000 00317nam a22001457a 4500
008 221123b ||||| |||| 00| 0 eng d
020 _a9780763701796
041 _aeng
080 _a159.9
082 _a159.9SEA
100 _a25
101 _aPSI
245 _aHEALTH AND WELLNESS
_cSEAWARD L.B
942 _2udc
_cBK
999 _c59013
_d59013